000 01351nam a2200349 i 4500
001 bg
245 0 0 _aPodstawy i technologie uzdatniania wody :
_bpraca zbiorowa.
_nT. 1 /
_cpod red. Ralfa [!] Gimbela, Martina Jekela i Rainera Lieβfelda ; [przekł. Wiesław Sekuła].
246 1 _iTyt. oryg.:
_aWasseraufbereitung - Grundlagen und Verfahren
260 _aBydgoszcz :
_bOficyna Wydawnicza Projprzemeko,
_c2008.
300 _a500 s. :
_bil. ;
_c21 cm.
500 _aTyt. oryg.: "Wasseraufbereitung - Grundlagen und Verfahren" 2004. Na książce błędna nazwa red., prawidłowa: Rolf Gimbel.
504 _aBibliogr. przy rozdz.
650 9 _aUzdatnianie wody
700 1 _aGimbel, Rolf Dieter.
_eRed.
700 1 _aJekel, Martin.
_eRed.
700 1 _aLieβfeld, Rainer.
_eRed.
700 1 _aSekuła, Wiesław.
_eTł.
015 _aPB 22666/2008
020 _a9788392219446
020 _a9788392219422
020 _a9788392219439
040 _cBPK
041 1 _apol
_hger
044 _aPOL
080 _a628.16
920 _a978-83-922194-2-2 (t. 1)
920 _a978-83-922194-3-9 (t. 2)
920 _a978-83-922194-4-6 (całość)
942 _cKS
008 080813s2008 pl a f f |000 0 pol
999 _c55798
_d55798
856 _uhttp://koha.tu.koszalin.pl/cgi-bin/koha/opac-detail.pl?biblionumber=55798
_yKatalog online BPK